000 01138 a2200205 4500
001 60577
005 20260407155857.0
008 260407a1977 arg spa d
003 AR-UNSa-BCEJYS
040 _aAR-UNSa-BCEJYS
_bspa
_cAR-UNSa-BCEJYS
080 _a321.01
_xTeoría general del Estado. Teoría y filosofía del poder. Estado y territorio. Autoridad y oposición. Usurpación (Filosofía política)
245 1 0 _aTeoría política y modernidad
_pDel siglo XVI al siglo XIX
264 1 _aBuenos Aires :
_bCentro Editor de America Latina
_c1977
300 _a115 p.
_c19 cm.
505 _a1. Introducción - 2. Discursos sobre Tito Livio / Maquíavelo – 3. Leviatán / Thomas Hobbes – 4. Dos ensayos sobre el gobierno civil / John Locke – 5. La política puede convertirse en ciencia / David Hume – 6. El espíritu de las leyes / Montesquieu – 7. El contrato social / Jean-Jacques Rousseau –8. Notas sobre Virginia / Thomas Jefferson – 9. Consideraciones sobre Francia / Joseph de Maistre
041 _aspa
942 _cBK
590 _aniveau_biblio:m niveau_hierar:0
100 1 _aFernández Pardo, Carlos Alberto
999 _c7042
_d7042